| 000 | 00558nam a2200181 i 4500 | ||
|---|---|---|---|
| 001 | 22789 | ||
| 003 | ES-MaACL | ||
| 005 | 20230906152745.0 | ||
| 007 | t| | ||
| 008 | 021204s1941 sp ||||1| spa d | ||
| 100 | 1 |
_aÁlvarez Quintero, Serafín, _d1871-1938 _9226443 |
|
| 245 | 1 | 0 |
_aTuyo y mio _b: comedia en tres actos / _cSerafín y Joaquín Alvarez Quintero. |
| 260 |
_aMadrid : _bEspasa Calpe, _c1941. |
||
| 300 |
_a111 p. ; _c20 cm. |
||
| 700 | 1 |
_aÁlvarez Quintero, Joaquín, _d1873-1944 _920922 |
|
| 852 |
_aES-MaACL _jF-15118 |
||
| 999 |
_c22789 _d22789 |
||